Návrhy variantov učebných osnov dejepisu pre SOU a SOŠ ; Aut. Eva Chylová, Štefan Folkman, Ján Chovanec, Eva Gabrišová, Dušan Kováč

Bibliographic Details
Main Authors: Chylová, Eva (Author), Folkman, Štefan (Author), Chovanec, Ján (Author), Gabrišová, Eva (Author), Kováč, Dušan, 1942- (Author)
Format: Article
Language:Slovak
Subjects:

MARC

LEADER 00000nab a2200000 a 4500
001 vtls000537040
003 SK-MaSNL
005 20260305042831.0
008 140302c1994 xo 0 slo
015 |a SNBRB19rr/mm-uuuuu 
035 |a CL0537178 
040 |a SNKBUCL  |b slo  |c SNKBUCL  |e AACR2 
041 0 |a slo 
044 |a xo  |c SK 
080 |a 372.893/.99(073):373.6:377.35  |2 1981 
080 |a 373.6  |2 1981 
080 |a 377.35  |2 1981 
080 |a 371.214  |2 1981 
245 0 0 |a Návrhy variantov učebných osnov dejepisu pre SOU a SOŠ ; Aut. Eva Chylová, Štefan Folkman, Ján Chovanec, Eva Gabrišová, Dušan Kováč 
650 0 7 |a dejepis  |2 snkbucl  |9 4288 
650 0 7 |a školy stredné odborné  |2 snkbucl  |9 295168 
650 0 7 |a učilištia stredné odborné  |2 snkbucl  |9 880259 
650 0 7 |a učebné osnovy  |2 snkbucl  |9 4071 
655 7 |a články z novín a časopisov  |2 snkbucl  |9 267496 
700 1 |a Chylová, Eva  |4 aut  |9 11969 
700 1 |a Folkman, Štefan  |4 aut  |9 8890 
700 1 |a Chovanec, Ján  |4 aut  |9 288289 
700 1 |a Gabrišová, Eva  |4 aut  |9 11970 
700 1 |a Kováč, Dušan,  |d 1942-  |4 aut  |9 88196 
773 0 |t Učiteľské noviny  |g Roč. 44, č. 42 (1994), s. 8 
850 |a Slovenská národná knižnica v Martine  |a MTA001 
852 |a SNK  |b KIS3GCP 
958 |a RK 
992 |a RBX 
999 |c 3351243  |d 3353173